<?xml version="1.0" encoding="UTF-8"?>
<record
    xmlns:xsi="http://www.w3.org/2001/XMLSchema-instance"
    xsi:schemaLocation="http://www.loc.gov/MARC21/slim http://www.loc.gov/standards/marcxml/schema/MARC21slim.xsd"
    xmlns="http://www.loc.gov/MARC21/slim">

  <leader>02546nam a2200277 a 4500</leader>
  <controlfield tag="001">000003229</controlfield>
  <controlfield tag="005">20211025102912.0</controlfield>
  <controlfield tag="008">090707s2004    dr ad         001 0 spa d</controlfield>
  <datafield tag="040" ind1=" " ind2=" ">
    <subfield code="a">DO-SdBNP</subfield>
    <subfield code="b">spa</subfield>
    <subfield code="c">BNPHU</subfield>
  </datafield>
  <datafield tag="082" ind1=" " ind2=" ">
    <subfield code="a">621.312134097293</subfield>
    <subfield code="b">R696p</subfield>
  </datafield>
  <datafield tag="100" ind1="1" ind2=" ">
    <subfield code="a">Rodr&#xED;guez Taveras, Ram&#xF3;n Isidro</subfield>
    <subfield code="9">10182</subfield>
  </datafield>
  <datafield tag="245" ind1="1" ind2="0">
    <subfield code="a">Presas y centrales hidro&#xE9;lectricas en Rep&#xFA;blica Dominicana /</subfield>
    <subfield code="c">Ram&#xF3;n Isidro Rodr&#xED;guez Taveras ; presentaci&#xF3;n C&#xE9;sar S&#xE1;nchez Torres ; pr&#xF3;logo M&#xE1;ximo D'Oleo Ram&#xED;rez.</subfield>
  </datafield>
  <datafield tag="260" ind1=" " ind2=" ">
    <subfield code="a">Santo Domingo :</subfield>
    <subfield code="b">CDEEE,</subfield>
    <subfield code="c">2004.</subfield>
  </datafield>
  <datafield tag="300" ind1=" " ind2=" ">
    <subfield code="a">422 p. :</subfield>
    <subfield code="b">il., diagr. ;</subfield>
    <subfield code="c">29 cm.</subfield>
  </datafield>
  <datafield tag="505" ind1="1" ind2=" ">
    <subfield code="a">Pr&#xF3;logo -- Introducci&#xF3;n -- Cap&#xED;tulo 1. Datos generales de Rep&#xFA;blica Dominicana -- Cap&#xED;tulo 2. Complejos hidroelc&#xE9;tricos para usos m&#xFA;ltiples -- Complejo Tavera-Bao-L&#xF3;pez-Angostura -- Complejo Nizao: Jiguey-Aguacate-Valdesia-Las Bar&#xED;as -- Cap&#xED;tulo 3. Presas de emsamble para usos m&#xFA;ltiples -- Presa de Hatillo -- Presa de Rinc&#xF3;n -- Presa Monci&#xF3;n -- Presa de Sabaneta-- Presa de Sabana Yegua -- Cap&#xED;tulo 4. Medianas y peque&#xF1;as presas para riego (en operaci&#xF3;n) -- Presa de Chacuey -- Presa de Maguaca -- Presa Cabeza de Caballo -- Presa de Guanajuma -- Presa de Mijo -- Cap&#xED;tulo 5. Presas para producir solamente energ&#xED;a el&#xE9;ctrica -- Hidroel&#xE9;ctrica de R&#xED;o Blanco -- Central las Damas -- Jimenoa -- Hidroel&#xE9;ctrica el Salto en Constanza -- Hidroel&#xE9;ctrica de Baiguaque -- Minicentral Aniana Vargas en el R&#xED;o Yuboa -- Cap&#xED;tulo 6. Centrales hidroel&#xE9;ctricas cuya fuente de abastecimiento son canales de riego -- Los Toros -- Mini-Central Nizao Najayo -- Mini-Central Los Anones --Cap&#xED;tulo 7. Presas de embalse en proceso de estudio --Cap&#xED;tulo 8. La energ&#xED;a hidr&#xE1;ulica en Rep&#xFA;blica Dominicana. Medianos y peque&#xF1;os proyectos hidroel&#xE9;ctricos en proceso de estudio -- La energ&#xED;a hidr&#xE1;ulica en Rep&#xFA;blica Dominicana -- Medianos y peque&#xF1;os proyectos hidroel&#xE9;ctricos en proceso de estudio --Bibliograf&#xED;a.</subfield>
  </datafield>
  <datafield tag="590" ind1=" " ind2=" ">
    <subfield code="a">Inventariado,2018/DG</subfield>
  </datafield>
  <datafield tag="650" ind1=" " ind2="4">
    <subfield code="a">Centrales hidroel&#xE9;ctricas</subfield>
    <subfield code="z">Rep&#xFA;blica Dominicana</subfield>
    <subfield code="9">10183</subfield>
  </datafield>
  <datafield tag="650" ind1=" " ind2="4">
    <subfield code="a">Presas</subfield>
    <subfield code="z">Rep&#xFA;blica Dominicana</subfield>
    <subfield code="9">10184</subfield>
  </datafield>
  <datafield tag="650" ind1=" " ind2="4">
    <subfield code="a">Energ&#xED;a hidr&#xE1;ulica</subfield>
    <subfield code="z">Rep&#xFA;blica Dominicana</subfield>
    <subfield code="9">10185</subfield>
  </datafield>
  <datafield tag="700" ind1="1" ind2=" ">
    <subfield code="a">D'Oleo Ram&#xED;rez, M&#xE1;ximo,</subfield>
    <subfield code="e">pr&#xF3;l.</subfield>
    <subfield code="9">10186</subfield>
  </datafield>
  <datafield tag="700" ind1="1" ind2=" ">
    <subfield code="a">S&#xE1;nchez Torres , C&#xE9;sar</subfield>
    <subfield code="9">10187</subfield>
  </datafield>
  <datafield tag="710" ind1="2" ind2=" ">
    <subfield code="a">Corporaci&#xF3;n Dominicana de Empresas El&#xE9;ctricas Estatales</subfield>
    <subfield code="9">10188</subfield>
  </datafield>
  <datafield tag="710" ind1="2" ind2=" ">
    <subfield code="a">Empresa de Generaci&#xF3;n hidroel&#xE9;ctrica Dominicana</subfield>
    <subfield code="9">10189</subfield>
  </datafield>
  <datafield tag="710" ind1="2" ind2=" ">
    <subfield code="a">Instituto Nacional de Recursos Hidr&#xE1;ulicos (Rep&#xFA;blica Dominicana)</subfield>
    <subfield code="9">6366</subfield>
  </datafield>
  <datafield tag="910" ind1=" " ind2=" ">
    <subfield code="a">Validado. Control de calidad BNPHU</subfield>
  </datafield>
  <datafield tag="952" ind1=" " ind2=" ">
    <subfield code="0">0</subfield>
    <subfield code="1">0</subfield>
    <subfield code="7">1</subfield>
    <subfield code="8">PD</subfield>
    <subfield code="a">PD</subfield>
    <subfield code="b">PD</subfield>
    <subfield code="c">CT</subfield>
    <subfield code="d">2009-07-07</subfield>
    <subfield code="i">LF1</subfield>
    <subfield code="l">0</subfield>
    <subfield code="o">621.32134097293 R696p</subfield>
    <subfield code="p">3229-10</subfield>
    <subfield code="r">2020-06-25</subfield>
    <subfield code="w">2020-06-25</subfield>
    <subfield code="y">LFPD</subfield>
    <subfield code="Z">No se presta</subfield>
  </datafield>
  <datafield tag="952" ind1=" " ind2=" ">
    <subfield code="0">0</subfield>
    <subfield code="1">0</subfield>
    <subfield code="7">1</subfield>
    <subfield code="8">PD</subfield>
    <subfield code="a">PD</subfield>
    <subfield code="b">PD</subfield>
    <subfield code="c">CT</subfield>
    <subfield code="d">2009-07-07</subfield>
    <subfield code="i">LF1</subfield>
    <subfield code="l">0</subfield>
    <subfield code="o">621.32134097293 R696p</subfield>
    <subfield code="p">3229-20</subfield>
    <subfield code="r">2020-06-25</subfield>
    <subfield code="t">e. 2</subfield>
    <subfield code="w">2020-06-25</subfield>
    <subfield code="y">LFPD</subfield>
    <subfield code="Z">No se presta</subfield>
  </datafield>
  <datafield tag="999" ind1=" " ind2=" ">
    <subfield code="c">3060</subfield>
    <subfield code="d">3060</subfield>
  </datafield>
</record>
